[Event "Germain Laplante U1600"]
[Site "Chambly CAN"]
[Date "2023.04.28"]
[Round "1.44"]
[White "Alameddine, Karim"]
[Black "Imbeault, Marc"]
[Result "1-0"]
[WhiteElo "1451"]
[BlackElo "1239"]
[Annotator ",hugh_brodie@hotmail."]
[PlyCount "79"]
[EventDate "2023.04.28"]
[EventType "swiss"]
[EventRounds "5"]
[EventCountry "CAN"]

1. e4 e5 2. d3 d6 3. h3 Nf6 4. Nf3 Be7 5. a3 O-O 6. c3 Nbd7 7. g3 c6 8. Bg2 Qc7
9. O-O b6 10. Nbd2 d5 11. Qc2 Bb7 12. Nh4 c5 13. c4 dxe4 14. Nf5 Bd8 15. dxe4
Ne8 16. b3 Nd6 17. Nxd6 Qxd6 18. Bb2 Bf6 19. Bc3 Rad8 20. Qd1 Rfe8 21. Qg4 Nf8
22. Rad1 Qe6 23. Qe2 Rd7 24. Kh2 Red8 25. Bf3 Rd3 26. Bb2 Bg5 27. Nb1 Rxb3 28.
Nc3 Ba6 29. Nd5 Rxb2 30. Qxb2 Bxc4 31. Qc2 Bxf1 32. Rxf1 Qg6 33. Bg2 Rxd5 34.
f4 exf4 35. gxf4 Rd4 36. fxg5 Qxg5 37. Qb3 Ne6 38. Qf3 f6 39. e5 Qxe5+ 40. Kh1
{Time/temps.} 1-0

[Event "Germain Laplante U1600"]
[Site "Chambly CAN"]
[Date "2023.04.28"]
[Round "1.45"]
[White "Morasse, Daniel"]
[Black "Bergeron, Jean-Guy"]
[Result "0-1"]
[WhiteElo "1228"]
[BlackElo "1448"]
[PlyCount "112"]
[EventDate "2023.04.28"]
[EventType "swiss"]
[EventRounds "5"]
[EventCountry "CAN"]

1. e4 Nc6 2. d4 e5 3. d5 Nce7 4. Nf3 Ng6 5. Be2 Nf6 6. Nc3 Bb4 7. Bd3 a6 8. O-O
Bc5 9. h3 d6 10. a3 O-O 11. Bg5 h6 12. Be3 Nd7 13. Qd2 Nh4 14. Nh2 Ba7 15. Bxa7
Rxa7 16. Qe3 Qg5 17. Qxg5 hxg5 18. g3 Ng6 19. Nf3 f6 20. Kg2 Nc5 21. Be2 g4 22.
hxg4 Bxg4 23. b4 Nd7 24. Rh1 f5 25. Nh4 Nxh4+ 26. Rxh4 Bxe2 27. Nxe2 fxe4 28.
Rxe4 Nf6 29. Rh4 Nxd5 30. Rah1 Raa8 31. c4 Nf6 32. Nc3 c6 33. g4 g5 34. Rh6 Kg7
35. f3 Rad8 36. Ne4 Nxe4 37. Rh7+ Kg8 38. fxe4 b5 39. Rh8+ Kf7 40. R8h7+ Ke6
41. cxb5 axb5 42. R1h5 Ra8 43. Rh3 d5 44. Rc7 dxe4 45. Rxc6+ Kd5 46. Rhh6 e3
47. Rhd6+ Ke4 48. Rd1 Rf2+ 49. Kg1 Rd2 50. Re1 Rxa3 51. Rc5 Rad3 52. Rxb5 Rd1
53. Rxd1 Rxd1+ 54. Kg2 Kf4 55. Rc5 e2 56. Rc4+ e4 0-1

[Event "Germain Laplante U1600"]
[Site "Chambly CAN"]
[Date "2023.04.28"]
[Round "1.47"]
[White "Godbout, Remi"]
[Black "Legault, Jean-Philippe"]
[Result "1-0"]
[WhiteElo "1159"]
[BlackElo "1445"]
[PlyCount "95"]
[EventDate "2023.04.28"]
[EventType "swiss"]
[EventRounds "5"]
[EventCountry "CAN"]

1. d4 d5 2. Bf4 Nf6 3. e3 e6 4. c3 c5 5. Nd2 Nc6 6. Ngf3 Be7 7. Bd3 Bd7 8. Ne5
O-O 9. Ndf3 Bc8 10. Qe2 Bd6 11. O-O-O c4 12. Bb1 Qc7 13. Rdg1 b5 14. g4 Ne7 15.
g5 Nh5 16. Bg3 g6 17. Ng4 Nf5 18. Nf6+ Nxf6 19. gxf6 Qd8 20. Bxf5 exf5 21. Bxd6
Qxd6 22. h4 h5 23. Rg2 Re8 24. Rhg1 f4 25. Ne5 Bg4 26. f3 Bf5 27. e4 dxe4 28.
fxe4 Bg4 29. Nxg4 hxg4 30. Rxg4 Qxf6 31. h5 Kf8 32. hxg6 f3 33. Qf2 fxg6 34.
Rxg6 Qf4+ 35. Qd2 Qxd2+ 36. Kxd2 Ke7 37. Ke3 Rf8 38. Rf1 Rf7 39. Rxf3 Rxf3+ 40.
Kxf3 Rf8+ 41. Ke3 Kd8 42. Rg7 a5 43. Ra7 a4 44. Ra8+ Ke7 45. Rxf8 Kxf8 46. d5
Ke7 47. e5 Kd7 48. Kd4 1-0

[Event "Germain Laplante U1600"]
[Site "Chambly CAN"]
[Date "2023.04.28"]
[Round "1.48"]
[White "Choquette, Maxime"]
[Black "Alameddine, Ziad"]
[Result "0-1"]
[WhiteElo "1423"]
[BlackElo "1141"]
[PlyCount "106"]
[EventDate "2023.04.28"]
[EventType "swiss"]
[EventRounds "5"]
[EventCountry "CAN"]

1. e4 e5 2. Nf3 Nc6 3. c3 Nf6 4. d4 exd4 5. e5 Qe7 6. cxd4 d6 7. Bb5 dxe5 8.
Bxc6+ bxc6 9. dxe5 Ng4 10. O-O Qd7 11. Qxd7+ Bxd7 12. Bf4 Be7 13. Nbd2 O-O 14.
h3 Nh6 15. Bxh6 gxh6 16. Rfd1 Be6 17. a3 Kh8 18. Kh2 f6 19. Rac1 Bd5 20. Nc4
fxe5 21. Ncxe5 Bd6 22. Kg1 Rae8 23. Nxc6 Bxf3 24. gxf3 Rxf3 25. Kg2 Rb3 26. Rc2
Rg8+ 27. Kf1 Rxh3 28. Nxa7 Rh1+ 29. Ke2 Re8+ 30. Kf3 Rxd1 31. Nb5 Rd3+ 32. Kg2
Rg8+ 33. Kf1 Bh2 34. Nxc7 Rd7 35. Ne6 Re7 36. Rc6 h5 37. f3 h4 38. Nd4 h3 39.
Rh6 Be5 40. Nc6 h2 41. Rxh2 Bxh2 42. Nxe7 Rb8 43. b4 Ra8 44. Nd5 Rxa3 45. Kg2
Bd6 46. b5 h5 47. b6 Ra2+ 48. Kh1 h4 49. Nb4 Bxb4 50. b7 Bd6 51. f4 Bxf4 52.
Kg1 h3 53. Kh1 Ra1# 0-1

[Event "Germain Laplante U1600"]
[Site "Chambly CAN"]
[Date "2023.04.28"]
[Round "1.49"]
[White "Perron, Bernard"]
[Black "Sanders, Marcus"]
[Result "0-1"]
[WhiteElo "1035"]
[BlackElo "1418"]
[PlyCount "70"]
[EventDate "2023.04.28"]
[EventType "swiss"]
[EventRounds "5"]
[EventCountry "CAN"]

1. e4 e6 2. Nc3 d5 3. exd5 exd5 4. d4 Bb4 5. Bd2 Nf6 6. Nf3 Bg4 7. Qe2+ Qe7 8.
O-O-O Qxe2 9. Bxe2 Bxc3 10. Bxc3 Ne4 11. Rhe1 O-O 12. Ne5 Bxe2 13. Rxe2 Re8 14.
f3 Nxc3 15. bxc3 f6 16. f4 fxe5 17. dxe5 c6 18. e6 Na6 19. f5 Rad8 20. g4 Nc5
21. g5 g6 22. e7 Rd7 23. f6 Kf7 24. Rf1 Ne4 25. Rf3 Nxg5 26. Rf4 Ne4 27. Re3
Nxf6 28. Rh3 Kg7 29. Rhf3 Rd6 30. Re3 Ne4 31. c4 Rxe7 32. cxd5 cxd5 33. Rd3 a6
34. Rff3 Rc7 35. Rf2 Nxf2 0-1

[Event "Germain Laplante U1600"]
[Site "Chambly CAN"]
[Date "2023.04.29"]
[Round "2.30"]
[White "Rodrigue, Vincent"]
[Black "Mullur, Neerav"]
[Result "1-0"]
[WhiteElo "1485"]
[BlackElo "1356"]
[PlyCount "49"]
[EventDate "2023.04.28"]
[EventType "swiss"]
[EventRounds "5"]
[EventCountry "CAN"]

1. d4 d5 2. c4 e6 3. Nf3 c5 4. g3 Nf6 5. Bg2 Nc6 6. cxd5 exd5 7. O-O Be7 8. Nc3
O-O 9. Bg5 c4 10. Re1 h6 11. Bf4 a6 12. Ne5 Bb4 13. Nxc6 bxc6 14. Qa4 Qb6 15.
a3 Ba5 16. Be5 Ng4 17. Bd6 Re8 18. Bc5 Qc7 19. Nxd5 Qd7 20. Nc3 Bxc3 21. bxc3
Qf5 22. Bf3 Rxe2 23. Qxc6 Rxf2 24. Qe8+ Kh7 25. Be4 1-0

[Event "Germain Laplante U1600"]
[Site "Chambly CAN"]
[Date "2023.04.29"]
[Round "2.31"]
[White "Despres, Alain"]
[Black "Ouimet, Alain"]
[Result "1-0"]
[WhiteElo "1479"]
[BlackElo "1319"]
[PlyCount "127"]
[EventDate "2023.04.28"]
[EventType "swiss"]
[EventRounds "5"]
[EventCountry "CAN"]

1. d4 Nf6 2. c4 d6 3. g3 e6 4. Bg2 c5 5. e3 Be7 6. Nc3 cxd4 7. exd4 Nc6 8. Nge2
a6 9. O-O Rb8 10. Bd2 Qc7 11. Ne4 Nxe4 12. Bxe4 Bf6 13. Bc3 Ne7 14. Qd3 d5 15.
cxd5 Nxd5 16. Rac1 Nxc3 17. Rxc3 Qd6 18. Rfc1 Bd7 19. Rc7 Qb4 20. Qc3 Qxc3 21.
R1xc3 b5 22. f4 b4 23. Rc2 g6 24. d5 Rb6 25. dxe6 Rxe6 26. Bd5 Rd6 27. Bc6 Bxc6
28. R2xc6 Rxc6 29. Rxc6 Bxb2 30. Rxa6 O-O 31. Rb6 Re8 32. Kf1 Ba3 33. Nd4 Rc8
34. Nc6 Kf8 35. Ke2 Re8+ 36. Kf3 Re1 37. Nxb4 Rh1 38. Kg2 Rd1 39. Kf3 Rd4 40.
Nc2 Rd3+ 41. Ke4 Rc3 42. Nxa3 Rxa3 43. Rb2 Ra4+ 44. Kd5 Ke8 45. Kc6 Ke7 46.
Re2+ Kf6 47. Kb5 Ra3 48. Kb4 Ra8 49. a4 h5 50. a5 Rb8+ 51. Kc5 g5 52. fxg5+
Kxg5 53. a6 Kg4 54. a7 Rf8 55. Ra2 Ra8 56. Kb6 Re8 57. a8=Q Rxa8 58. Rxa8 f5
59. Ra2 h4 60. gxh4 Kxh4 61. Kc5 Kg4 62. Kd4 Kf4 63. Rf2+ Kg4 64. Ke5 1-0

[Event "Germain Laplante U1600"]
[Site "Chambly CAN"]
[Date "2023.04.29"]
[Round "2.32"]
[White "Frechette, Jean-Martin"]
[Black "Alameddine, Karim"]
[Result "0-1"]
[WhiteElo "1318"]
[BlackElo "1451"]
[Annotator ",hugh_brodie@hotmail."]
[PlyCount "55"]
[EventDate "2023.04.28"]
[EventType "swiss"]
[EventRounds "5"]
[EventCountry "CAN"]

1. d4 d5 2. Bf4 g6 3. Nc3 Nf6 4. Nf3 Bg7 5. Qd2 a6 6. O-O-O b5 7. e3 Bd7 8. Ne5
b4 9. Nxd7 bxc3 10. Nxf6+ exf6 11. Qxc3 Ra7 12. h3 Qd7 13. Qc5 Nc6 14. a3 g5
15. Bg3 Bf8 16. Qc3 Bd6 17. Bxd6 cxd6 18. Qb3 Qf5 19. f3 O-O 20. Bd3 Qe6 21.
Kb1 f5 22. Rde1 Rb8 23. Qa2 Re8 24. g4 Nxd4 25. gxf5 Nxf5 26. e4 Ne7 27. b4 Qd7
28. exd5 {Time? Temps?} 0-1

[Event "Germain Laplante U1600"]
[Site "Chambly CAN"]
[Date "2023.04.29"]
[Round "2.33"]
[White "Bergeron, Jean-Guy"]
[Black "Banger, Sartaj"]
[Result "0-1"]
[WhiteElo "1448"]
[BlackElo "1315"]
[PlyCount "70"]
[EventDate "2023.04.28"]
[EventType "swiss"]
[EventRounds "5"]
[EventCountry "CAN"]

1. c4 e5 2. g3 Nc6 3. Nc3 g6 4. Bg2 Bg7 5. Nf3 Nge7 6. d3 O-O 7. Bg5 d6 8. Qd2
f6 9. Bh6 Be6 10. Bxg7 Kxg7 11. O-O d5 12. cxd5 Nxd5 13. Ne4 b6 14. Rfc1 Qd7
15. a3 Nce7 16. d4 exd4 17. Nxd4 Bh3 18. Bh1 c5 19. Nc2 f5 20. Ng5 f4 21. Nxh3
Qxh3 22. Bxd5 fxg3 23. hxg3 Rxf2 24. Kxf2 Qh2+ 25. Kf1 Nf5 26. Qc3+ Kh6 27.
Qd2+ Kg7 28. Bg2 Nxg3+ 29. Kf2 Ne4+ 30. Ke3 Nxd2 31. Kxd2 Rd8+ 32. Kc3 Qxg2 33.
Re1 b5 34. Rac1 Qd5 35. b3 Qe5+ 0-1

[Event "Germain Laplante U1600"]
[Site "Chambly CAN"]
[Date "2023.04.29"]
[Round "2.34"]
[White "Sanders, Marcus"]
[Black "Tarditi, Francesco"]
[Result "0-1"]
[WhiteElo "1418"]
[BlackElo "1171"]
[PlyCount "156"]
[EventDate "2023.04.28"]
[EventType "swiss"]
[EventRounds "5"]
[EventCountry "CAN"]

1. d4 d5 2. Nf3 Nf6 3. Bf4 c5 4. e3 Nc6 5. Nbd2 Bg4 6. h3 Bh5 7. g4 Bg6 8. dxc5
e6 9. Nh4 Bxc5 10. Nxg6 hxg6 11. c3 Qb6 12. b4 Be7 13. a4 e5 14. Bg3 Bd6 15.
Bg2 Ne7 16. e4 Rc8 17. Qb3 dxe4 18. Nxe4 Nxe4 19. Bxe4 Rxc3 20. Qb2 Qxb4 21.
Qxb4 Bxb4 22. Kf1 f6 23. Bxb7 a5 24. Kg2 Kf7 25. Rhd1 Rb8 26. Ba6 Rb6 27. Bb5
Rd6 28. Rxd6 Bxd6 29. Rd1 Bb4 30. Rd3 g5 31. Rxc3 Bxc3 32. Bc4+ Ke8 33. Kf3 Kd7
34. Ke4 Kd6 35. f3 Kc5 36. Bb5 Kb4 37. Bf2 Bd2 38. Bb6 Ng6 39. Bc7 Kc5 40. Bb8
Nf4 41. Ba7+ Kd6 42. Bf1 Bb4 43. Be3 Nd5 44. Bb5 Nc3+ 45. Kd3 Nxb5 46. axb5 g6
47. Kc4 Ba3 48. Bd2 Bb4 49. Bxb4+ axb4 50. Kxb4 Kc7 51. Kc5 f5 52. Kd5 e4 53.
fxe4 f4 54. Kd4 Kb6 55. e5 Kxb5 56. h4 gxh4 57. Ke4 g5 58. e6 Kc6 59. Kf5 f3
60. e7 Kd7 61. Kxg5 Kxe7 62. Kxh4 f2 63. g5 Kf7 64. Kh5 Kg7 65. g6 f1=Q 66. Kg5
Qg2+ 67. Kf4 Qxg6 68. Ke3 Qf5 69. Kd4 Qe6 70. Kd3 Qe5 71. Kc4 Qd6 72. Kc3 Qd5
73. Kb4 Qc6 74. Kb3 Qc5 75. Kb2 Qc4 76. Kb1 Qc3 77. Ka2 Qb4 78. Ka1 Kf6 0-1

[Event "Germain Laplante U1600"]
[Site "Chambly CAN"]
[Date "2023.04.29"]
[Round "2.35"]
[White "Nguyen, Danny"]
[Black "Lafer, Michael Barry jr"]
[Result "1/2-1/2"]
[WhiteElo "1323"]
[BlackElo "1488"]
[PlyCount "78"]
[EventDate "2023.04.28"]
[EventType "swiss"]
[EventRounds "5"]
[EventCountry "CAN"]

1. e4 c5 2. c3 d5 3. exd5 Qxd5 4. d4 cxd4 5. cxd4 Nc6 6. Nf3 Bg4 7. Nc3 Qd7 8.
d5 Nb4 9. Bb5 Nc6 10. Qa4 Bxf3 11. gxf3 Rc8 12. Be3 e6 13. dxc6 bxc6 14. Ba6
Rb8 15. Rd1 Qc7 16. Bf4 e5 17. Nd5 Qd6 18. Bg5 Rb4 19. Qxb4 Qxb4+ 20. Nxb4
Bxb4+ 21. Ke2 f6 22. Be3 Ne7 23. a3 Ba5 24. Bc5 Bb6 25. Bxb6 axb6 26. Rd6 Nf5
27. Rd2 Nd4+ 28. Ke3 b5 29. f4 Rf8 30. fxe5 fxe5 31. Ke4 Ke7 32. Ke3 Kd6 33.
Rxd4+ exd4+ 34. Kxd4 Ra8 35. Bxb5 cxb5 36. Rg1 Ra4+ 37. Kc3 Rc4+ 38. Kd3 g6 39.
Rg5 Kc6 1/2-1/2

[Event "Germain Laplante U1600"]
[Site "Chambly CAN"]
[Date "2023.04.29"]
[Round "2.36"]
[White "St-Jean, Jerome"]
[Black "Godbout, Remi"]
[Result "1-0"]
[WhiteElo "1406"]
[BlackElo "1159"]
[PlyCount "49"]
[EventDate "2023.04.28"]
[EventType "swiss"]
[EventRounds "5"]
[EventCountry "CAN"]

1. d4 d5 2. c4 c6 3. Nf3 Bf5 4. e3 e6 5. Bd3 Bg6 6. O-O Nd7 7. Nc3 Ngf6 8. b3
Bd6 9. Bb2 Ne4 10. Qc2 Ndf6 11. Ne5 Qe7 12. f4 O-O-O 13. Nxg6 hxg6 14. Nxe4
dxe4 15. Bxe4 Ng4 16. Qe2 Nxh2 17. Rf2 Qh4 18. g3 Qxg3+ 19. Rg2 Rh7 20. Rxg3
Rdh8 21. Kf2 Be7 22. Rh1 Bh4 23. Rxh2 Bxg3+ 24. Kxg3 g5 25. Rxh7 1-0

[Event "Germain Laplante U1600"]
[Site "Chambly CAN"]
[Date "2023.04.29"]
[Round "2.37"]
[White "Wu, Ting En Ryan"]
[Black "Alameddine, Ziad"]
[Result "1-0"]
[WhiteElo "1400"]
[BlackElo "1141"]
[PlyCount "73"]
[EventDate "2023.04.28"]
[EventType "swiss"]
[EventRounds "5"]
[EventCountry "CAN"]

1. e4 e5 2. Nf3 Nc6 3. Bc4 Bc5 4. c3 Nf6 5. d3 O-O 6. Bg5 h6 7. Bh4 Be7 8. O-O
d6 9. h3 a6 10. Bb3 b5 11. Re1 Be6 12. Bc2 d5 13. exd5 Qxd5 14. Bb3 Qd6 15.
Bxe6 fxe6 16. Bg3 Nd7 17. d4 Bf6 18. Qe2 Qe7 19. dxe5 Bg5 20. Qe4 Qc5 21. Nxg5
hxg5 22. Nd2 Ncxe5 23. Nb3 Qb6 24. Rad1 Rad8 25. Bxe5 Qxf2+ 26. Kh1 Nxe5 27.
Rxd8 Rxd8 28. Qxe5 Qxb2 29. Qxe6+ Kh7 30. Qf5+ Kg8 31. Qxg5 Qxc3 32. Qxd8+ Kh7
33. Qh4+ Kg8 34. Re8+ Kf7 35. Qe7+ Kg6 36. Qe4+ Kf7 37. Qe6# 1-0

[Event "Germain Laplante U1600"]
[Site "Chambly CAN"]
[Date "2023.04.29"]
[Round "2.40"]
[White "Dufresne, Maxime"]
[Black "Hebert, Pierre"]
[Result "1-0"]
[WhiteElo "1534"]
[BlackElo "1421"]
[PlyCount "81"]
[EventDate "2023.04.28"]
[EventType "swiss"]
[EventRounds "5"]
[EventCountry "CAN"]

1. e4 c5 2. Nf3 d6 3. c3 Nf6 4. Be2 Nc6 5. e5 dxe5 6. Bb5 Bd7 7. Bxc6 Bxc6 8.
c4 e6 9. Qe2 Bxf3 10. gxf3 Qc7 11. Nc3 a6 12. b3 Rd8 13. O-O e4 14. fxe4 h5 15.
f4 Qd7 16. f5 Qd3 17. fxe6 fxe6 18. Qg2 Rh6 19. Rf3 Qd4+ 20. Kh1 Kf7 21. Rb1
Rg6 22. Qf1 Kg8 23. Ne2 Qxe4 24. Nf4 Rg4 25. d3 Qc6 26. Rb2 Rd4 27. Rg2 Rxg2
28. Qxg2 Bd6 29. Be3 Rxf4 30. Bxf4 Bxf4 31. Rxf4 Qxg2+ 32. Kxg2 Kf7 33. h4 Ke7
34. Kf3 g6 35. Ke3 e5 36. Rf1 a5 37. Rg1 Kf7 38. Rg5 b6 39. a4 Ng4+ 40. Ke4
Nf6+ 41. Kxe5 1-0

[Event "Germain Laplante U1600"]
[Site "Chambly CAN"]
[Date "2023.04.29"]
[Round "2.41"]
[White "Aubut, Jean-Philippe"]
[Black "Nadeau, Dominic"]
[Result "0-1"]
[WhiteElo "1405"]
[BlackElo "1521"]
[PlyCount "78"]
[EventDate "2023.04.28"]
[EventType "swiss"]
[EventRounds "5"]
[EventCountry "CAN"]

1. d4 Nf6 2. c4 c5 3. d5 b5 4. e3 g6 5. Nf3 Bg7 6. Be2 O-O 7. O-O bxc4 8. Bxc4
d6 9. Nc3 Nbd7 10. Re1 Nb6 11. Qe2 Bb7 12. e4 Re8 13. Bb3 a5 14. a4 Ba6 15. Nb5
Nfd7 16. Nd2 Nf6 17. f3 e6 18. dxe6 fxe6 19. Qd1 d5 20. exd5 exd5 21. Rxe8+
Nxe8 22. Nc3 c4 23. Bc2 Nd6 24. Nf1 d4 25. Ne4 d3 26. Nxd6 Qxd6 27. Bb1 Re8 28.
Ra2 Nd5 29. Bd2 c3 30. bxc3 Bxc3 31. Bxc3 Nxc3 32. Qb3+ Qe6 33. Qxc3 Qb6+ 34.
Kh1 Qxb1 35. Rf2 Re1 36. Kg1 Rxf1+ 37. Rxf1 Qxf1+ 38. Kxf1 d2+ 39. Kf2 d1=N+
0-1

[Event "Germain Laplante U1600"]
[Site "Chambly CAN"]
[Date "2023.04.29"]
[Round "2.42"]
[White "Dubreuil, Raymond"]
[Black "Soskic, Milan"]
[Result "1-0"]
[WhiteElo "1509"]
[BlackElo "1280"]
[PlyCount "83"]
[EventDate "2023.04.28"]
[EventType "swiss"]
[EventRounds "5"]
[EventCountry "CAN"]

1. Nf3 Nf6 2. g3 g6 3. c4 Bg7 4. Bg2 O-O 5. Nc3 c6 6. O-O d5 7. cxd5 cxd5 8. e3
Nc6 9. a3 e6 10. Qc2 a6 11. Rb1 Bd7 12. b4 b5 13. Bb2 Rc8 14. Qd1 Ne8 15. d4
Nd6 16. Nd2 Ne7 17. Rc1 Nc4 18. Qc2 Nf5 19. Rfe1 Nfd6 20. Nb3 Nxb2 21. Qxb2 Nc4
22. Qa2 Bc6 23. Nc5 a5 24. Nd3 e5 25. Bh3 Bd7 26. Bg2 Bc6 27. dxe5 Nxe5 28.
Nxe5 Bxe5 29. Red1 Qf6 30. Nxd5 Bxd5 31. Bxd5 axb4 32. axb4 Rxc1 33. Rxc1 Bd6
34. Rc6 Qe7 35. Rb6 Bxb4 36. Rxb5 Rc8 37. Qb2 Ba3 38. Qb3 Rc1+ 39. Kg2 Rc8 40.
Rb7 Qc5 41. Rxf7 Kh8 42. Qb7 1-0

[Event "Germain Laplante U1600"]
[Site "Chambly CAN"]
[Date "2023.04.29"]
[Round "2.43"]
[White "Breton, Jules"]
[Black "Germain, Max jr"]
[Result "0-1"]
[WhiteElo "1350"]
[BlackElo "1486"]
[PlyCount "102"]
[EventDate "2023.04.28"]
[EventType "swiss"]
[EventRounds "5"]
[EventCountry "CAN"]

1. d4 Nf6 2. c4 d5 3. Nc3 g6 4. Nf3 Bg7 5. h3 O-O 6. e3 b6 7. cxd5 Nxd5 8. Bc4
Nxc3 9. bxc3 c5 10. O-O cxd4 11. cxd4 Bb7 12. Bb2 Nd7 13. a4 e6 14. Qe2 Re8 15.
Rfd1 Qf6 16. Rab1 Bxf3 17. gxf3 Qh4 18. Qf1 Nf6 19. Qg2 Red8 20. Bb5 Nd5 21.
Qg4 Qe7 22. e4 h5 23. Qg3 Nb4 24. Ba1 a5 25. f4 Rac8 26. e5 Nd5 27. Bb2 Bh6 28.
Qg2 Bxf4 29. Qf3 Qg5+ 30. Qg2 Qh4 31. Re1 Qg5 32. Qxg5 Bxg5 33. Bc1 Bxc1 34.
Rbxc1 Rc3 35. Bf1 Rdc8 36. Rcd1 Ra3 37. Ba6 Rcc3 38. Bb7 Nb4 39. d5 exd5 40.
Bxd5 Rxa4 41. e6 Nxd5 42. exf7+ Kxf7 43. Rxd5 Rf4 44. Red1 Rfc4 45. Rd7+ Kf6
46. Rd8 h4 47. Rf8+ Ke7 48. Rdd8 Rb4 49. Rfe8+ Kf6 50. Rf8+ Ke5 51. Kg2 a4 0-1

[Event "Germain Laplante U1600"]
[Site "Chambly CAN"]
[Date "2023.04.29"]
[Round "2.44"]
[White "Poulin, Pascal"]
[Black "Camire, Pierre"]
[Result "1-0"]
[WhiteElo "1279"]
[BlackElo "1481"]
[PlyCount "83"]
[EventDate "2023.04.28"]
[EventType "swiss"]
[EventRounds "5"]
[EventCountry "CAN"]

1. e4 e6 2. d4 d5 3. Nc3 dxe4 4. Nxe4 Nd7 5. Nf3 Ngf6 6. Bg5 Be7 7. Nxf6+ Nxf6
8. Bd3 O-O 9. O-O b6 10. Re1 c5 11. dxc5 Bxc5 12. Qe2 Be7 13. Rad1 Qc7 14. Bh4
Nd5 15. Bg3 Bd6 16. Bxd6 Qxd6 17. c4 Bb7 18. Qe4 f5 19. Qh4 Ne7 20. Ng5 h6 21.
Rxe6 hxg5 22. Rxd6 gxh4 23. Rd7 Bxg2 24. Kxg2 Ng6 25. Kh3 Ne5 26. Rc7 Rad8 27.
Be2 Rxd1 28. Bxd1 Rf7 29. Rc8+ Kh7 30. Kxh4 Nd3 31. Bb3 Nc5 32. Bc2 g6 33. b4
Ne6 34. Bb3 Nd4 35. c5 Nxb3 36. axb3 bxc5 37. bxc5 Rb7 38. c6 Rb4+ 39. Kg3
Rxb3+ 40. Kg2 Kh6 41. c7 Kg5 42. Rb8 1-0

[Event "Germain Laplante U1600"]
[Site "Chambly CAN"]
[Date "2023.04.29"]
[Round "2.45"]
[White "Deslandes, Raynald"]
[Black "Rebhi, Mohamed"]
[Result "0-1"]
[WhiteElo "1470"]
[BlackElo "1336"]
[PlyCount "62"]
[EventDate "2023.04.28"]
[EventType "swiss"]
[EventRounds "5"]
[EventCountry "CAN"]

1. e4 e5 2. Nf3 Nc6 3. Bb5 d6 4. d4 Bd7 5. Nc3 Nf6 6. O-O Be7 7. Re1 a6 8. Bxc6
Bxc6 9. dxe5 Nd7 10. exd6 Bxd6 11. Bg5 f6 12. Bh4 Qe7 13. Nd5 Qf7 14. Bg3 Bxg3
15. fxg3 O-O-O 16. c4 Rhe8 17. b4 Nb6 18. Nxb6+ cxb6 19. Qc2 Qg6 20. Nd2 Rd4
21. Qc3 Red8 22. b5 Bxe4 23. Nxe4 Rxe4 24. bxa6 bxa6 25. Rab1 Qf5 26. Rf1 Qc5+
27. Kh1 Rxc4 28. Qf3 Qc6 29. Qf5+ Kb8 30. h4 Rd2 31. Qf4+ Rxf4 0-1

[Event "Germain Laplante U1600"]
[Site "Chambly CAN"]
[Date "2023.04.29"]
[Round "2.46"]
[White "Lamontagne, Damien"]
[Black "Ferenczi, Edmund"]
[Result "0-1"]
[WhiteElo "1254"]
[BlackElo "1599"]
[PlyCount "78"]
[EventDate "2023.04.28"]
[EventType "swiss"]
[EventRounds "5"]
[EventCountry "CAN"]

1. e4 c5 2. Nf3 d6 3. d4 cxd4 4. Nxd4 Nf6 5. Nc3 g6 6. Be3 Bg7 7. Qd2 O-O 8. f3
Nc6 9. Bc4 Nxd4 10. Bxd4 a6 11. g4 b5 12. Bb3 Bb7 13. h4 e5 14. Be3 b4 15. Nd5
Nxd5 16. Bxd5 Rb8 17. h5 Bxd5 18. Qxd5 Rb5 19. Qd2 Qf6 20. Ke2 Qe6 21. b3 d5
22. exd5 Qd6 23. Rad1 Rd8 24. Rhg1 a5 25. Bg5 Rd7 26. Be3 Rxd5 27. Qe1 Qa6+ 28.
Rd3 Rxd3 29. cxd3 Qxd3+ 30. Kf2 e4 31. fxe4 Bd4 32. Bxd4 Qxd4+ 33. Kf3 Rd6 34.
e5 Rd5 35. hxg6 hxg6 36. e6 Qf6+ 37. Kg2 Re5 38. Qg3 Qxe6 39. Rc1 Re2+ 0-1

[Event "Germain Laplante U1600"]
[Site "Chambly CAN"]
[Date "2023.04.29"]
[Round "2.47"]
[White "Longpre, Martin"]
[Black "Choquette, Maxime"]
[Result "1-0"]
[WhiteElo "1595"]
[BlackElo "1423"]
[PlyCount "79"]
[EventDate "2023.04.28"]
[EventType "swiss"]
[EventRounds "5"]
[EventCountry "CAN"]

1. e4 c6 2. d4 d5 3. e5 c5 4. c3 Nc6 5. f4 Qb6 6. dxc5 Qxc5 7. Nf3 Bf5 8. Bd3
Nh6 9. h3 e6 10. g4 Be4 11. Bxe4 dxe4 12. Nd4 Nxd4 13. Qxd4 Qxd4 14. cxd4 Rd8
15. Be3 Bb4+ 16. Nd2 Bxd2+ 17. Kxd2 O-O 18. Rac1 Rc8 19. Rc5 Rxc5 20. dxc5 Rd8+
21. Ke2 Kh8 22. Rd1 Rd5 23. c6 bxc6 24. Bxa7 Ng8 25. Rc1 Ne7 26. Bc5 Nc8 27. a4
f6 28. exf6 gxf6 29. a5 Rd7 30. Rd1 Rd5 31. b4 Kg7 32. a6 f5 33. a7 Nxa7 34.
Bxa7 Kg6 35. Rc1 Rd6 36. Rd1 Rd5 37. Rxd5 exd5 38. g5 h6 39. h4 Kg7 40. Bf2 1-0

[Event "Germain Laplante U1600"]
[Site "Chambly CAN"]
[Date "2023.04.29"]
[Round "2.48"]
[White "Legault, Jean-Philippe"]
[Black "Pinsonneault, Marc"]
[Result "0-1"]
[WhiteElo "1445"]
[BlackElo "1595"]
[PlyCount "38"]
[EventDate "2023.04.28"]
[EventType "swiss"]
[EventRounds "5"]
[EventCountry "CAN"]

1. d4 Nf6 2. Nf3 d5 3. e3 Bf5 4. c4 e6 5. Nc3 Be7 6. Nh4 Bg4 7. Qb3 O-O 8. Qxb7
Nbd7 9. c5 e5 10. Nxd5 Nxd5 11. Qxd5 Bxh4 12. c6 Be6 13. Qe4 Nb6 14. Bd3 f5 15.
Qxe5 Re8 16. Bxf5 Bc4 17. Qf4 Bf6 18. b3 Bxd4 19. Rb1 Bc3+ 0-1

[Event "Germain Laplante U1600"]
[Site "Chambly CAN"]
[Date "2023.04.29"]
[Round "2.49"]
[White "Sonko, Babacar"]
[Black "Scott, Benjamin"]
[Result "1/2-1/2"]
[WhiteElo "1575"]
[BlackElo "1406"]
[PlyCount "108"]
[EventDate "2023.04.28"]
[EventType "swiss"]
[EventRounds "5"]
[EventCountry "CAN"]

1. f4 d5 2. Nf3 c5 3. e3 Nc6 4. Bb5 Nf6 5. O-O e6 6. Bxc6+ bxc6 7. d3 Be7 8.
Qe1 Qb6 9. Kh1 Ba6 10. Nbd2 Qc7 11. b3 Nd7 12. Bb2 Bf6 13. Bxf6 gxf6 14. Nh4
Qa5 15. e4 Qc3 16. Rc1 c4 17. dxc4 dxc4 18. Nxc4 Qxe1 19. Rfxe1 Bxc4 20. bxc4
Rb8 21. Rb1 Ke7 22. Nf3 c5 23. Rb5 a6 24. Rb3 Rxb3 25. cxb3 a5 26. Rd1 a4 27.
e5 axb3 28. axb3 fxe5 29. Nxe5 Nxe5 30. fxe5 Ra8 31. Kg1 Ra2 32. Kf1 Rb2 33.
Rd3 Kf8 34. g4 Rxh2 35. Rd8+ Ke7 36. Rc8 Rh3 37. Rxc5 Rxb3 38. Rc7+ Ke8 39. Ke2
Rc3 40. c5 Kd8 41. Rxf7 Rxc5 42. Rxh7 Rxe5+ 43. Kf3 Ke8 44. Kf4 Re1 45. Kg5 Rg1
46. Rg7 Kf8 47. Kf6 Rf1+ 48. Kg6 e5 49. Ra7 e4 50. Ra4 e3 51. Re4 Re1 52. Kf5
e2 53. Ke5 Kg7 54. Re3 Rg1 1/2-1/2

[Event "Germain Laplante U1600"]
[Site "Chambly CAN"]
[Date "2023.04.29"]
[Round "2.50"]
[White "De Guise, Ronald"]
[Black "Laporte, Michel"]
[Result "0-1"]
[WhiteElo "1315"]
[BlackElo "1504"]
[PlyCount "90"]
[EventDate "2023.04.28"]
[EventType "swiss"]
[EventRounds "5"]
[EventCountry "CAN"]

1. e4 d6 2. d4 g6 3. d5 Bg7 4. Nf3 Nf6 5. Nc3 O-O 6. h3 e5 7. Bg5 Qe8 8. Qd2
Nh5 9. Nb5 Na6 10. Qc3 f6 11. Be3 Rf7 12. Bd3 Nf4 13. Bxf4 exf4 14. Qc4 Nc5 15.
O-O-O a6 16. Nbd4 b5 17. Qc3 f5 18. Ng5 Re7 19. exf5 Nxd3+ 20. Qxd3 Bxd4 21.
Qxd4 Bxf5 22. Ne6 Bxe6 23. dxe6 Rxe6 24. Qxf4 Qc6 25. f3 Rae8 26. Qd4 Kf7 27.
Qf4+ Kg7 28. Qd4+ Kg8 29. h4 R8e7 30. h5 Qe8 31. h6 Qf7 32. Qa7 Re2 33. g4 Qxa2
34. Qa8+ Kf7 35. Qd5+ Qxd5 36. Rxd5 Rf2 37. Rd3 Ree2 38. Rc3 c5 39. b4 c4 40.
Rd1 Ke6 41. Rd4 d5 42. f4 a5 43. bxa5 b4 44. Rg3 c3 45. Rxb4 Re1# 0-1